00313nam a2200121Ia 4500008004100000100002700041245004500068260002300113300000900136650002400145942000700169999001500176190216s9999||||xx |||||||||||||| ||und|| aMadan Rl & Tuli Gd 0aSimplified Course In Inorganic Chemistry bS Chand & Coc2003 a703p aInorganic Chemistry cBK c3096d3096